| 000 | 00622nam a2200253Ia 4500 | ||
|---|---|---|---|
| 008 | 210210b2011 xxu||||| |||| 00| 0 eng d | ||
| 020 | _a0198071639 | ||
| 041 | _aeng | ||
| 082 | _a954.04 GHOT | ||
| 100 | _aGHOSH (Anjan) | ||
| 245 |
_aTheorizing the present _bEssays for Partha Chatterjee |
||
| 260 |
_aNew Delhi _bOxford University Press _c2011 |
||
| 300 | _axii,322 | ||
| 650 | _aTheorizing | ||
| 650 | _athe | ||
| 650 | _apresent | ||
| 650 | _aPartha | ||
| 650 | _afor | ||
| 650 | _aEssays | ||
| 650 | _aChatterjee | ||
| 690 | _aIndian History | ||
| 700 | _aGUHA THAKURTA (Tapati) | ||
| 906 | _a068067 | ||
| 999 |
_c152398 _d152398 |
||